[Event "SVK-ch U14"]
[Site "Tatralandia"]
[Date "2024.04.12"]
[Round "9"]
[White "Zaborsky, Richard"]
[Black "Matusek, Levente"]
[Result "1-0"]
[WhiteElo "1000"]
[BlackElo "1000"]
[PlyCount "77"]
[EventDate "2024.04.05"]
[EventType "swiss"]
[EventRounds "9"]
[EventCountry "SVK"]
[SourceTitle "CB16_2024"]
[SourceDate "2024.04.17"]
[SourceVersion "1"]
[SourceVersionDate "2024.04.17"]
[SourceQuality "1"]

1. d4 d5 2. c4 Nf6 3. cxd5 Nxd5 4. e4 Nf6 5. Nc3 e5 6. d5 Na6 7. Nf3 Bb4 8. Bxa6 bxa6 9. Qa4+ Bd7 10. Qxb4 Rb8 11. Qc5 Bb5 12. Nxb5 axb5 13. Bg5 Nd7 14. Qxa7 Qc8 15. Qa3 b4 16. Qe3 0-0 17. h4 f6 18. Rc1 fxg5 19. Qxg5 Rf7 20. Nxe5 Nxe5 21. Qxe5 Qb7 22. 0-0 Rff8 23. Rxc7 Rfe8 24. Rxb7 Rxe5 25. Rxb8+ Kf7 26. Rxb4 g5 27. f4 gxf4 28. Rxf4+ Kg6 29. Rb6+ Kh5 30. Rf5+ Rxf5 31. exf5 h6 32. Rxh6+ Kxh6 33. d6 Kg7 34. d7 Kh6 35. d8Q Kh7 36. Qe7+ Kh6 37. Qg5+ Kh7 38. f6 Kh8 39. Qg7# 1-0

[Event "SVK-ch U14"]
[Site "Tatralandia"]
[Date "2024.04.10"]
[Round "7"]
[White "Zaborsky, Richard"]
[Black "Foldesi, Marek1"]
[Result "0-1"]
[WhiteElo "1000"]
[BlackElo "1528"]
[PlyCount "108"]
[EventDate "2024.04.05"]
[EventType "swiss"]
[EventRounds "9"]
[EventCountry "SVK"]
[SourceTitle "CB16_2024"]
[SourceDate "2024.04.17"]
[SourceVersion "1"]
[SourceVersionDate "2024.04.17"]
[SourceQuality "1"]

1. d4 Nf6 2. c4 g6 3. Nc3 Bg7 4. e4 d6 5. Nf3 0-0 6. Be2 e5 7. dxe5 dxe5 8. Qxd8 Rxd8 9. Bg5 h6 10. Bh4 Nc6 11. Bxf6 Bxf6 12. Nd5 Bg7 13. Nxc7 Rb8 14. Nd5 Bg4 15. h3 Bxf3 16. Bxf3 Rd7 17. 0-0 h5 18. Bd1 Nd4 19. Ba4 Rd6 20. Rfe1 Kh7 21. Ne3 Ne6 22. Rad1 Rbd8 23. Rd5 Nc7 24. Rxd6 Rxd6 25. Nd5 Ne6 26. Rd1 Nd4 27. f3 Bf6 28. c5 Re6 29. Bd7 Ra6 30. Bc8 Bd8 31. a3 Ra5 32. b4 Rxa3 33. Bxb7 Ne6 34. c6 a5 35. bxa5 Rxa5 36. Rc1 Nc7 37. Nxc7 Bxc7 38. Rd1 Rc5 39. Rd7 Ba5 40. Rxf7+ Kh6 41. Kf2 Kg5 42. g3 Bb6 43. h4+ Kh6 44. Ke2 Rc3 45. g4 hxg4 46. fxg4 Rc4 47. g5+ Kh5 48. Rh7+ Kg4 49. Kd3 Rc5 50. Rh6 Ba5 51. Bc8+ Kf3 52. Bd7 Kf2 53. h5 Ke1 54. hxg6 Rc3# 0-1